Taxation : (Record no. 9590)
[ view plain ]
| 000 -LEADER | |
|---|---|
| fixed length control field | 00695nac a22001931u 4500 |
| 082 ## - DEWEY DECIMAL CLASSIFICATION NUMBER | |
| Classification number | 336.200941 |
| Item number | HAN |
| 090 ## - LOCALLY ASSIGNED LC-TYPE CALL NUMBER (OCLC); LOCAL CALL NUMBER (OCLC) | |
| -- | 9590 |
| -- | 9590 |
| 100 ## - MAIN ENTRY--PERSONAL NAME | |
| Personal name | Hancock, Dora |
| 245 ## - TITLE STATEMENT | |
| Title | Taxation : |
| Remainder of title | policy & practice 1995/6 edition / |
| Statement of responsibility, etc | Dora Hancock |
| 250 ## - EDITION STATEMENT | |
| Edition statement | 3rd ed. |
| 260 ## - PUBLICATION, DISTRIBUTION, ETC. (IMPRINT) | |
| Place of publication, distribution, etc | London : |
| Name of publisher, distributor, etc | Chapman & Hall, 1995. |
| Date of publication, distribution, etc | 1995 |
| 300 ## - PHYSICAL DESCRIPTION | |
| Extent | xiii,366p. ; |
| Dimensions | 25cm |
| 490 ## - Series Statement | |
| Series statement | The Chapman & Hall series in accounting and finance |
| 500 ## - GENERAL NOTE | |
| General note | Includes index. |
| 650 ## - SUBJECT ADDED ENTRY--TOPICAL TERM | |
| Topical term or geographic name as entry element | Taxation |
| Geographic subdivision | Great Britain. |
| 700 ## - ADDED ENTRY--PERSONAL NAME | |
| Personal name | Hancock, Dora. |
| 942 ## - ADDED ENTRY ELEMENTS (KOHA) | |
| Item type | Book - Borrowing |
| Call number prefix | 336.200941 HAN |
| Withdrawn status | Item status | Damaged status | Not for loan | Home library | Current library | Shelving location | Date acquired | Source of acquisition | Total Checkouts | Full call number | Barcode | Date last seen | Date last borrowed | Koha item type |
|---|---|---|---|---|---|---|---|---|---|---|---|---|---|---|
| Central Library | Central Library | First floor | 22/05/2008 | Purchase | 2 | 336.200941 HAN | 000011629 | 15/07/2025 | 31/10/2013 | Book - Borrowing |